书目信息

书名: 中国现代资产阶级哲学 
作者: 张儒义
出版信息: 成都   四川大学出版社  1990
开本页数: 19cm  282页
丛书名:
单 册:
中图分类: B
科图分类: 13.759
主题词: 现代资产阶级哲学--Xian Dai Zi Chan Jie Ji Zhe Xue--中国 , 哲学
电子资源:
ISBN: 7-5614-0293-7
000 00682nam0 2200241 450
001 0000093623
005 20060322205046.46
010    @a7-5614-0293-7@dCNY3.60
100    @a19910312d1990 ekmy0chiy0121 ea
101 @achi
102    @aCN@b510000
105    @ay z 000yy
200 @a中国现代资产阶级哲学@Azhong guo xian dai zi chan jie ji zhe xue@e1919~1949@f张儒义著
210    @a成都@c四川大学出版社@d1990
215    @a282页@d19cm
606 @a现代资产阶级哲学@AXian Dai Zi Chan Jie Ji Zhe Xue@y中国
606 @a哲学
686    @aB28@2CNNJU
690    @aB@v3
692    @a13.759
701  0 @a张儒义@Azhang ru yi@4著
801    @aCN@bNiSoft@c20060322
905    @a10447@dB@e398
    
    中国现代资产阶级哲学:1919~1949/张儒义著.-成都:四川大学出版社,1990
    282页;19cm
    
    
    ISBN 7-5614-0293-7:CNY3.60
    
相关链接 在五车中查询图书 在当当中查询图书 在豆瓣中查询图书


正题名:中国现代资产阶级哲学     索取号:B/398         预约/预借

序号 登录号 条形码 馆藏地/架位号 状态 备注
1 92556   200925561   海科密-1楼/3架3列3层/ [索取号:B/398] 在馆    
2 92557   200925570   海科密-1楼/3架3列2层/ [索取号:B/398] 在馆    
3 92558   200925589   海科密-1楼/3架3列1层/ [索取号:B/398] 在馆    
4 92559   200925598   海科密-1楼/3架3列2层/ [索取号:B/398] 在馆    
5 92560   200925605   海科密-1楼/3架3列2层/ [索取号:B/398] 在馆